|
|
|
|
| LEADER |
00000naa0a2200000 4500 |
| 001 |
594355 |
| 005 |
20250206114948.0 |
| 035 |
|
|
|a (RuTPU)RU\TPU\tpu\8912
|
| 035 |
|
|
|a RU\TPU\tpu\8776
|
| 090 |
|
|
|a 594355
|
| 100 |
|
|
|a 20020617d1988 k||y0rusy50 ca
|
| 101 |
0 |
|
|a rus
|
| 102 |
|
|
|a RU
|
| 200 |
1 |
|
|a Количественная связь между противосудорожной активностью N-бензилгидриламидов и N-бензгидрилмочевин, их структурой и спектрами ЯМР [13] С
|f В. Д. Филимонов [и др.]
|
| 320 |
|
|
|a Библиогр.: 9 назв.
|
| 333 |
|
|
|a В фонде НТБ ТПУ отсутствует
|
| 461 |
|
|
|t Химико-фармацевтический журнал
|o научно-технический и производственный журнал
|f Министерство медицинской промышленности СССР
|d 1978-
|
| 463 |
|
|
|t Т. 22, № 5
|v С. 540-545
|d 1988
|
| 610 |
1 |
|
|a труды учёных ТПУ
|
| 701 |
|
1 |
|a Бакибаев
|b А. А.
|c химик
|c профессор Томского политехнического университета, доктор химических наук
|f 1960-
|g Абдигали Абдиманапович
|3 (RuTPU)RU\TPU\pers\27073
|
| 701 |
|
1 |
|a Пустовойтов
|b А. В.
|c ХТФ
|f 1963-
|g Андрей Владимирович
|3 (RuTPU)RU\TPU\pers\3356
|4 070
|
| 701 |
|
1 |
|a Тигнибидина
|b Л. Г.
|c кандидат химических наук
|c ХТФ
|f 1941-
|g Лидия Григорьевна
|3 (RuTPU)RU\TPU\pers\3421
|4 070
|
| 701 |
|
1 |
|a Печенкин
|b А. Г.
|c кандидат химических наук
|c ХТФ
|f 1923-
|g Алексей Григорьевич
|3 (RuTPU)RU\TPU\pers\3405
|4 070
|
| 701 |
|
1 |
|a Филимонов
|b В. Д.
|c химик
|c профессор Томского политехнического университета, доктор химических наук
|f 1945-
|g Виктор Дмитриевич
|3 (RuTPU)RU\TPU\pers\12908
|4 070
|9 3693
|
| 801 |
|
2 |
|a RU
|b 63413507
|c 20141111
|g PSBO
|
| 942 |
|
|
|c CR
|